000 00715cam a22002417i 4500
001 17857874
005 20180209102718.0
008 130820t20142014nyua b 001 0 eng d
020 _a9780199689422
020 _a0199689423
040 _cPK-LaUMT
082 0 4 _a616.047209
_bBOU-S
100 1 _aBourke, Joanna
245 1 4 _aThe story of pain :
_bfrom prayer to painkillers /
_cJoanna Bourke
260 _aOxford :
_bOxford University Press,
_c2014
300 _ax, 396 p. :
_billustrations ;
_c25 cm
650 0 _aPain perception.
650 0 _aPain
_xHistory.
650 0 _aPain
_xPsychological aspects.
650 0 _aEnglish language
_y18th century.
650 0 _aPain
_xTreatment
_xHistory.
942 _cBK
999 _c102928
_d102928